|
|
|
|
| LEADER |
00000nam0a2200000 4500 |
| 001 |
291787 |
| 005 |
20231102000427.0 |
| 010 |
|
|
|a 9785222243138
|
| 035 |
|
|
|a (RuTPU)RU\TPU\book\316376
|
| 090 |
|
|
|a 291787
|
| 100 |
|
|
|a 20150417d2015 m y0rusy50 ca
|
| 101 |
0 |
|
|a rus
|
| 102 |
|
|
|a RU
|
| 105 |
|
|
|a a j 001zy
|
| 200 |
1 |
|
|a Управление проектами в ProjectLibre
|e учебное пособие для вузов
|f О. А. Мороз
|
| 210 |
|
|
|a Ростов-на-Дону
|c Феникс
|d 2015
|
| 215 |
|
|
|a 254 с.
|c ил.
|
| 225 |
1 |
|
|a Высшее образование
|
| 320 |
|
|
|a Библиография в конце глав.
|
| 320 |
|
|
|a Глоссарий: с. 239-247.
|
| 330 |
|
|
|a В учебно-практическом пособии рассматриваются сущность и содержание проектного управления, а также основы применения информационных технологий в управлении проектами, включая краткий обзор наиболее распространенных в настоящее время программных пакетов проектного управления.Содержит детальное и поэтапное изложение основ управления проектом с использованием СПО ProjectLibre в соответствии с концепцией и логикой жизненного цикла проекта. Начиная с вопросов установки ProjectLibre, последовательно представлены ключевые аспекты создания проекта, планирования задач и ресурсов, анализа и оптимизации проекта, формирования базового плана, отслеживания проекта в увязке с описанием возможностей ProjectLibre по реализации перечисленных этапов.Учебно-практическое пособие предназначено для освоения основных приемов и технологии управления проектом средствами свободного программного обеспечения (СПО) ProjectLibre.Пособие будет востребованным при подготовке бакалавров, осваивающих теорию и практику управления проектом в программной среде, а также будет полезным для магистров, аспирантов, преподавателей, специалистов и руководителей, слушателей программ профессиональной подготовки, курсов повышения квалификации в области управления проектами и всем интересующимся вопросами проектного менеджмента и управления изменениями в различных сферах их реализации, в том числе с использованием СПО.
|
| 606 |
1 |
|
|a Проектный менеджмент
|2 stltpush
|3 (RuTPU)RU\TPU\subj\69898
|9 84559
|
| 610 |
1 |
|
|a проекты
|
| 610 |
1 |
|
|a управление
|
| 610 |
1 |
|
|a проектное управление
|
| 610 |
1 |
|
|a информационные технологии
|
| 610 |
1 |
|
|a ProjectLibre
|
| 610 |
1 |
|
|a создание
|
| 610 |
1 |
|
|a ресурсы
|
| 610 |
1 |
|
|a анализ
|
| 610 |
1 |
|
|a отслеживание
|
| 610 |
1 |
|
|a исполнение
|
| 610 |
1 |
|
|a учебные пособия
|
| 686 |
|
|
|a У9(2)212я73
|v LBC/SL-A
|2 rubbk
|
| 700 |
|
1 |
|a Мороз
|b О. А.
|g Оксана Алексеевна
|
| 801 |
|
1 |
|a RU
|b 63413507
|c 20150417
|
| 801 |
|
2 |
|a RU
|b 63413507
|c 20150513
|g RCR
|
| 900 |
|
|
|a Управление проектами
|
| 942 |
|
|
|c BK
|
| 959 |
|
|
|a 48/20150417
|d 1
|e 312,20
|f ЧЗТЛ:1
|